000 00649nam a2200217 a 4500
001 55648
003 BD-RjUL
005 20211209080309.0
008 161120s1957 pk a 000 0 eng
035 _a(BD-RjUL)55772
040 _aDLC
_cCarP
_dBD-RjUL
_beng
041 _aeng
082 _223
_a305.23095491
_bSMG 1957
100 1 _aSmitter, Faith.
_9165766
245 1 0 _aGrowing up in Pakistan /
_cFaith Smitter, Iqbal Dar
260 _aLahore :
_bInternational Cooperation Administration,
_c1957
300 _a187 p. :
_bill. ;
_c25 cm.
651 _aPakistan.
_xChildren
_9165767
700 1 _aDar, Iqbal
_ejoint author.
_9165768
942 _2ddc
_cBK
999 _c55648
_d55648